| 000 | 00381nam a2200145Ia 4500 | ||
|---|---|---|---|
| 008 | 210210b2005 xxu||||| |||| 00| 0 eng d | ||
| 082 | _a032.02 OBRP | ||
| 100 | _aO'BRIEN (Derek). | ||
| 245 | _aPenguin India reference yearbook 2005. | ||
| 260 |
_aND _bPenguin Books _c2005 |
||
| 300 | _a973 | ||
| 650 | _aPenguin year book 2005 | ||
| 690 | _aGeneral Knowledge | ||
| 906 | _a059981 | ||
| 999 |
_c107040 _d107040 |
||